Szczegóły MARC21

Understanding sponsored search : core elements of keyword advertising /

003 -Nazwa inst., której nr kontr. jest w polu 001 [,]
    • @
    • Nazwa instytucji, której n kontrolny jest w polu 001
    • NUKAT
005 -DATA I CZAS OSTATNIEJ MODYFIKACJI [,]
    • @
    • pole kontrolne
    • 20241231100514.0
020 -Międzynarod. znormalizowany nr książki - ISBN [ , ]
    • a
    • Numer ISBN
    • 9781107011977 Find
    • q
    • Dopowiedzenie
    • Hardback
020 -Międzynarod. znormalizowany nr książki - ISBN [ , ]
    • a
    • Numer ISBN
    • 9781107628366 Find
    • q
    • Dopowiedzenie
    • Paperback
040 -Instytucja sporządzająca opis [ , ]
    • a
    • Instytucja, która sporządziła opis (NP)
    • WA U/DN
    • c
    • Instytucja, która sporządziła rekord (NP)
    • WA U/DNs
    • d
    • Instytucja, która zmodyfikowała rekord (P)
    • WA U/EBA
942 -Rodzaj dokumentu [ , ]
    • c
    • Rodzaj dokumentu
    • Książka
100 -Hasło główne - nazwa osobowa [1, ]
    • a
    • Nazwa osobowa (NP)
    • Jansen, Bernard Jim.
    • 9
    • KHW
    • 79119
245 -Strefa tytułu i oznaczenia odpowiedzialności [1,0]
    • a
    • Tytuł
    • Understanding sponsored search : Find
    • b
    • Ciąg dalszy tytułu (NP)
    • core elements of keyword advertising / Find
    • c
    • Pozostałe elementy strefy tytułu i oznaczenia odpowiedzialności (NP)
    • Jim Jansen.
260 -Strefa adresu wydawniczego [ , ]
    • a
    • Miejsce wydania (P)
    • Cambridge [etc.] :
    • b
    • Nazwa wydawcy (P)
    • Cambride University Prees,
    • c
    • Data wydania (P)
    • 2011.
300 -Strefa opisu fizycznego [ , ]
    • a
    • Określenie formy książki i/lub objętość (NP)
    • XIX, [1], 277 s. :
    • b
    • Oznaczenie ilustracji (NP)
    • il. ;
    • c
    • Format (NP)
    • 24 cm.
336 -Typ zawartości [ , ]
    • a
    • Termin opisujący typ zawartości
    • Tekst
    • b
    • Kod określający zawartość
    • txt
    • 2
    • Źródło (terminu i kodu)
    • rdacontent
337 -Typ mediów [ , ]
    • a
    • Tryb odtwarzania
    • Bez urządzenia pośredniczącego
    • b
    • Kod typu mediów
    • n
    • 2
    • Źródło (terminu i kodu)
    • rdamedia
338 -Typ/rodzaj nośnika [ , ]
    • a
    • Hasło opisujące typ nośnika
    • Wolumin
    • b
    • Kod typu nośnika
    • nc
    • 2
    • Źródło (terminu i kodu)
    • rdacarrier
504 -Uwaga dot. bibliogr. załącznikowej [ , ]
    • a
    • Uwaga dot. bibliografii załącznikowej
    • Bibliogr. przy rozdz. Indeks.
080 -Uniwersalna Klasyfikacja Dziesiętna [ , ]
    • 2
    • Identyfikator wydania tablic
    • BN KHW UKD
    • 9
    • UKD
    • 68772
    • a
    • Symbol klasyfikacji
    • 339.138:004.738.5
    • b
    • Dopowiedzenie
    • Marketing elektroniczny. Marketing internetowy.
    • 4
    • UKD2
    • 7644
    • x
    • Poddział wspólny
    • =111
    • c
    • Dopowiedzenie poddz. wspólnego
    • =Język angielski.
080 -Uniwersalna Klasyfikacja Dziesiętna [ , ]
    • 2
    • Identyfikator wydania tablic
    • UDC-P058
    • 9
    • UKD
    • 5652
    • a
    • Symbol klasyfikacji
    • 659.1:004.738.5
    • b
    • Dopowiedzenie
    • Reklama internetowa.
    • 4
    • UKD2
    • 7644
    • x
    • Poddział wspólny
    • =111
    • c
    • Dopowiedzenie poddz. wspólnego
    • =Język angielski.
650 -Hasło przedmiotowe [ ,7]
    • a
    • Hasło przedmiotowe
    • Reklama w Internecie.
    • 2
    • Źródło terminu
    • kaba
    • 9
    • KHW
    • 152498
650 -Hasło przedmiotowe [ ,7]
    • a
    • Hasło przedmiotowe
    • Wyszukiwanie informacji w Internecie.
    • 2
    • Źródło terminu
    • kaba
    • 9
    • KHW
    • 136759
650 -Hasło przedmiotowe [ ,7]
    • a
    • Hasło przedmiotowe
    • Języki informacyjno-wyszukiwawcze.
    • 2
    • Źródło terminu
    • kaba
    • 9
    • KHW
    • 113567
650 -Hasło przedmiotowe [ ,7]
    • a
    • Hasło przedmiotowe
    • Branding (marketing).
    • 2
    • Źródło terminu
    • kaba
    • 9
    • KHW
    • 167688
650 -Hasło przedmiotowe [ ,7]
    • a
    • Hasło przedmiotowe
    • Preferencje konsumenta.
    • 2
    • Źródło terminu
    • kaba
    • 9
    • KHW
    • 115120
980 -Symbol UKD [ , ]
    • a
    • UKD
    • 339.138:004.738.5:659.1:004.738.5]=111
710 -Hasło dodatkowe - nazwa ciała zbiorowego [2, ]
    • a
    • Nazwa ciała zbiorowego lub nazwa geograficzna jako pierwszy element (NP)
    • Cambridge University Press.
    • 4
    • Kod relacji
    • pbl
    • 9
    • KHW
    • 615085
920 -ISBN [ , ]
    • a
    • ISBN
    • 978-1-107-01197-7 Find
    • q
    • Dopowiedzenie
    • Hardback
920 -ISBN [ , ]
    • a
    • ISBN
    • 978-1-107-62836-6 Find
    • q
    • Dopowiedzenie
    • Paperback
Status udost. Numer inwentarzowy Lokalizacja Data inwentaryzacji
-2T.16939T2014-05-16